| 000 | 00994nam a22003377a 4500 | ||
|---|---|---|---|
| 001 | 0005618 | ||
| 003 | KOHA_MİRAKIL | ||
| 005 | 20260207001452.0 | ||
| 007 | ta | ||
| 008 | 090618b1985 tu |||gr||||#||||0|tur | | ||
| 040 |
_aTR-BiSEU _btur _cTR-BiSEU _erda |
||
| 041 | 0 | _atur | |
| 044 | _ctu | ||
| 050 |
_aHJ1302.5 _b.T32 1985 |
||
| 100 | 1 | _aTabakoğlu, Ahmet. | |
| 245 | 1 |
_aGerileme dönemine girerken Osmanlı maliyesi/ _cAhmet Tabakoğlu ; Ahmet Tabakoğlu. |
|
| 264 | 1 |
_aİstanbul : _bDergah Yayınları _c1985 |
|
| 300 | _a384 sayfa | ||
| 336 |
_ametin _btxt _2rdacontent |
||
| 337 |
_aaracısız _bn _2rdamedia |
||
| 338 |
_acilt _bnc _2rdacarrier |
||
| 490 | 1 |
_aDergâh yayınları ; _vno. |
|
| 490 | 1 | _a117. | |
| 490 | 1 |
_aTarih dizisi ; _v10. |
|
| 500 | _aKaynakça ve dizin var. | ||
| 650 | 0 |
_aKamu maliyesi--Türkiye--Tarih. _913565 |
|
| 830 | 1 |
_aDergâh yayınları ; _vno. _97695 |
|
| 830 | 1 |
_a117. _913566 |
|
| 830 | 1 |
_aTarih dizisi ; _v10. _97565 |
|
| 942 |
_2lcc _cBK |
||
| 999 |
_c5599 _d5599 |
||